In ye Grandest Manner and After ye Newest Fashion. (Record no. 1146)

MARC details
000 -CABECERA
campo de control de longitud fija 00697nam a2200169 a 4500
001 - NÚMERO DE CONTROL
campo de control BRCA_1277
005 - FECHA Y HORA DE LA ÚLTIMA TRANSACCIÓN
campo de control 20190320203346.0
008 - DATOS DE LONGITUD FIJA--INFORMACIÓN GENERAL
campo de control de longitud fija 110408s2000----us-a---###---#000-0#eng-#
050 #4 - SIGNATURA TOPOGRÁFICA DE LA BIBLIOTECA DEL CONGRESO
Número de clasificación NK2003
Número de documento/Ítem .Y44 2000
245 10 - MENCIÓN DE TÍTULO
Título In ye Grandest Manner and After ye Newest Fashion.
260 ## - PUBLICACIÓN, DISTRIBUCIÓN, ETC.
Lugar de publicación, distribución, etc. California
Nombre del editor, distribuidor, etc. Long Beach Museum of Art
Fecha de publicación, distribución, etc. 2000
300 ## - DESCRIPCIÓN FÍSICA
Extensión 1 v. (sin paginación)
Otras características físicas il. a color, fotografías
Dimensiones 28 cm.
500 ## - NOTA GENERAL
Nota general Catálogo de la exposición realizada en el Long Beach Museum of Art (California), 24 septiembre - 26 noviembre, 2000
650 14 - PUNTO DE ACCESO ADICIONAL DE MATERIA--TÉRMINO DE MATERIA
Término de materia o nombre geográfico como elemento de entrada Muebles de madera
Subdivisión cronológica Siglo XVIII
Subdivisión geográfica Estados Unidos
9 (RLIN) 4198
650 14 - PUNTO DE ACCESO ADICIONAL DE MATERIA--TÉRMINO DE MATERIA
Término de materia o nombre geográfico como elemento de entrada Decoración
Subdivisión cronológica Periodo colonial, hasta 1830
Subdivisión geográfica Estados Unidos
9 (RLIN) 4199
942 ## - ELEMENTOS DE PUNTO DE ACCESO ADICIONAL (KOHA)
Fuente del sistema de clasificación o colocación Library of Congress Classification
Tipo de ítem Koha Libros
Holdings
Estado de retiro Estado de pérdida Estado dañado No para préstamo Localización permanente Ubicación/localización actual Fecha de adquisición Total de préstamos Signatura topográfica completa Código de barras Fecha visto por última vez Precio válido a partir de Tipo de ítem Koha
El ejemplar forma parte de la colección y puede ser consultado según las políticas vigentes.       Biblioteca del Museo Franz Mayer (Rogerio Casas-Alatriste) Biblioteca del Museo Franz Mayer (Rogerio Casas-Alatriste) 26/06/2008   NK2003 .Y44 2000 01778 22/03/2019 22/03/2019 Libros